Led Zeppelin-Stairway to Heaven (Lyrics) - Statistics

General Stats
  • This quiz has been taken 706 times
  • The average score is 246 of 352
Answer Stats
Lyrics % Correct
A
100%
Heaven
99%
Stairway
99%
To
99%
I
98%
The
98%
And
97%
She
97%
There
97%
Who
97%
Go
94%
She's
94%
There's
94%
Lady
93%
All
92%
Buying
92%
Is
92%
Know
91%
Gold
90%
That
89%
When
89%
Glitters
85%
Get
83%
Sure
82%
Who's
82%
You
82%
For
81%
Knows
81%
Are
80%
Be
79%
Gets
79%
We
79%
Me
78%
If
77%
On
77%
What
77%
Can
76%
In
76%
It
73%
With
72%
Word
72%
Came
71%
Closed
70%
Have
68%
Of
68%
But
66%
Stores
66%
Two
66%
By
65%
Look
65%
Road
65%
Wants
64%
Sometimes
63%
Your
63%
Our
62%
West
62%
Makes
61%
Wonder
61%
Words
61%
Meanings
60%
'Cause
59%
Then
59%
Don't
58%
Wall
58%
Feeling
57%
My
57%
Sign
57%
Will
57%
Head
56%
Hear
56%
Wind
56%
Sings
55%
Tree
55%
Oh
54%
Songbird
54%
It's
53%
Long
53%
Those
53%
Thoughts
53%
Call
52%
Down
52%
Piper
52%
As
50%
Crying
49%
Spirit
49%
Stand
49%
Ooh
48%
Seen
48%
Through
48%
Just
47%
Laughter
47%
Now
47%
Time
47%
You're
47%
Echo
46%
Run
46%
Brook
45%
Smoke
45%
Still
45%
Trees
45%
May
44%
Not
44%
Really
44%
Bustle
43%
Change
43%
Leaving
43%
Paths
43%
Queen
43%
Us
43%
Alarmed
42%
Misgiven
42%
Hedgerow
41%
Tune
41%
Won't
41%
Yes
41%
Reason
40%
Blow
39%
Day
39%
Lead
39%
Listen
39%
Rings
39%
Rock
39%
Roll
39%
Soul
39%
Spring
39%
Very
39%
Voices
39%
Whispering
39%
Hard
38%
Lies
38%
Than
38%
Show
37%
Him
36%
New
36%
Shadows
36%
Clean
35%
Light
35%
Taller
35%
Calling
34%
Dawn
34%
Humming
34%
Join
34%
Forests
33%
Looking
33%
One
33%
Walks
33%
Come
32%
Did
32%
How
32%
Turns
32%
At
31%
Case
31%
Dear
31%
Piper's
30%
Shines
29%
Soon
28%
Last
27%
Whispered
26%
White
26%
Everything
22%
Whoa
19%
No matching quizzes found
Score Distribution
Percent of People with Each Score
Percentile by Number Answered
Your Score History
You have not taken this quiz